| 000 | 00862nam a22002897a 4500 | ||
|---|---|---|---|
| 001 | 9809 | ||
| 003 | FISKH | ||
| 005 | 20260226140107.0 | ||
| 008 | 260226b cb ||||| |||| 00| 0 eng d | ||
| 020 | _a9781416909705 | ||
| 040 |
_aFISKH _beng _cFISKH _dFISKH |
||
| 050 | _aPZ7 .K15745 .W | ||
| 082 | _a813.54 | ||
| 100 |
_aKatz, Karen _eAuthor |
||
| 245 | _aWhere is baby's pumpkin? / | ||
| 260 |
_aNew York : _bSimon & Schuster Children's Publishing Division , _c2006 |
||
| 300 |
_a12 unnumbered pages : _bcolor illustrations ; _c19 cm |
||
| 490 | _aKaren Katz Lift-the-Flap Books | ||
| 505 | _aE | ||
| 520 | _aWhere is baby's pumpkin? She wants to go trick-or-treating! | ||
| 521 | 8 |
_a220
_bLexile AD |
|
| 521 | 8 |
_aE
_bRaz-Plus |
|
| 650 |
_aBoard book _vHalloween |
||
| 650 |
_aPicture book _vPumpkin |
||
| 942 |
_2ddc _cBK _n0 |
||
| 999 |
_c9809 _d9809 |
||